000 00763nam a22002417a 4500
001 3323
003 FISKH
005 20241217084732.0
008 240227b cb ||||| |||| 00| 0 eng d
040 _aFISK
_beng
_cFISK
_dFISK
050 _aPS3566.R36
082 _a811.54
100 _aUrbanogvic Jackie :
_d1952
245 _aI've lost my hippopotamus /
_cJackie Urbanovic
260 _aNew York :
_bJackie Urbanovic,
_c2012
300 _a143 pages :
_b24 cm :
505 _aS
520 _aA brand-new rib-tickling collection of more than 100 never-before-published poems by national bestselling poet Prelutksy.
521 8 _a790
_bLexile estimate
521 8 _aS
_bRaz-Plus
700 _aJackie Urbanovic
942 _2ddc
_cBK
_n0
999 _c3323
_d3323